000
00290nam a22001337a 4500
008
210521b ||||| |||| 00| 0 eng d
041
_a
eng
080
_a
610.73
082
_a
610.73
100
_a
1
101
_a
INF
245
_a
Nursing Research
_c
Victoria V. Dickson
942
_2
udc
_c
BK
999
_c
57582
_d
57582